| 000 | 00663nam a2200253Ia 4500 | ||
|---|---|---|---|
| 001 | 44374 | ||
| 005 | 20240114003627.0 | ||
| 007 | ta | ||
| 008 | 090226s1963 g b000 u 465 u | ||
| 040 | _aCotton College,assam | ||
| 041 | _a465 | ||
| 082 |
_a526.9 _bK 743 Su |
||
| 100 | _aKnight, Bernard H. . | ||
| 245 | 0 |
_aSurveying & Levelling for Students / _cBernard H. Knight. _hTextual Documents |
|
| 250 | _a1st ed / | ||
| 260 |
_aBombay : _bAsia Publishing House , _c1963. |
||
| 300 |
_a163p. ; _c20 cm. |
||
| 653 | _aAstronomy | ||
| 653 | _aT/G-Astronomy | ||
| 942 |
_2ddc _cBK |
||
| 999 |
_c44340 _d44340 |
||